LEADER 01106nam0 22002891i 450 001 UON00168001 005 20231205103040.516 010 $a41-672-4906-5 100 $a20030320d1991 |0itac50 ba 101 $ajpn 102 $aJP 105 $a||||p ||||| 200 1 $aHaisen nikki$fTakami Jun 210 $aTokyo$cBungei Shunshu$d1991 215 $a376 p.$d17 cm 410 1$1001UON00159558$12001 $aBunshun Bunko$v11,6 606 $aLetteratura giapponese$xNarrativa$xSec. 20.$3UONC000232$2FI 620 $aJP$dTo?kyo?$3UONL000031 686 $aGIA VI BA$cGiappone - Letteratura moderna e contemporanea - Testi$2A 700 1$aTAKAMI$bJun$3UONV026167$0635653 712 $aBungei shunjû$3UONV246096$4650 801 $aIT$bSOL$c20260220$gRICA 899 $aSIBA - SISTEMA BIBLIOTECARIO DI ATENEO E ARCHIVIO STORICO$2UONSI 912 $aUON00168001 950 $aSIBA - SISTEMA BIBLIOTECARIO DI ATENEO E ARCHIVIO STORICO$dSI GIA VI BA 1030 N $eSI SA 107760 7 1030 N 996 $aHaisen nikki$91282447 997 $aUNIOR